Islam: An introduction (Record no. 62906)
[ view plain ]
| 000 -LEADER | |
|---|---|
| fixed length control field | 00533nam a22001937a 4500 |
| 003 - CONTROL NUMBER IDENTIFIER | |
| control field | NUST - PNEC |
| 005 - DATE AND TIME OF LATEST TRANSACTION | |
| control field | 20170116180800.0 |
| 008 - FIXED-LENGTH DATA ELEMENTS--GENERAL INFORMATION | |
| fixed length control field | 150413b xxu||||| |||| 00| 0 eng d |
| 020 ## - INTERNATIONAL STANDARD BOOK NUMBER | |
| International Standard Book Number | - |
| 040 ## - CATALOGING SOURCE | |
| Transcribing agency | LIBRARY |
| 082 ## - DEWEY DECIMAL CLASSIFICATION NUMBER | |
| Classification number | 297 WAK |
| 100 ## - MAIN ENTRY--PERSONAL NAME | |
| 9 (RLIN) | 2427 |
| Personal name | Wakf Aisha Bawany |
| 245 ## - TITLE STATEMENT | |
| Title | Islam: An introduction |
| Statement of responsibility, etc. | Aisha Bawany Wakf |
| 260 ## - PUBLICATION, DISTRIBUTION, ETC. | |
| Place of publication, distribution, etc. | Karachi |
| Name of publisher, distributor, etc. | - |
| Date of publication, distribution, etc. | c1976. |
| 300 ## - PHYSICAL DESCRIPTION | |
| Extent | 108 p. : |
| 650 ## - SUBJECT ADDED ENTRY--TOPICAL TERM | |
| 9 (RLIN) | 2420 |
| Topical term or geographic name entry element | Islam |
| General subdivision | General, Islam |
| 856 ## - ELECTRONIC LOCATION AND ACCESS | |
| Uniform Resource Identifier | <a href="http://www.amazon.com/Islam-Begum-Aisha-Bawany-Wakf/dp/B0007JXLWI">http://www.amazon.com/Islam-Begum-Aisha-Bawany-Wakf/dp/B0007JXLWI</a> |
| 942 ## - ADDED ENTRY ELEMENTS (KOHA) | |
| Source of classification or shelving scheme | |
| Koha item type | Book |
| Withdrawn status | Lost status | Source of classification or shelving scheme | Damaged status | Not for loan | Permanent Location | Current Location | Shelving location | Date acquired | Source of acquisition | Cost, normal purchase price | Total Checkouts | Full call number | Barcode | Date last seen | Cost, replacement price | Price effective from | Koha item type |
|---|---|---|---|---|---|---|---|---|---|---|---|---|---|---|---|---|---|
| Pakistan Navy Engineering College (PNEC) | Pakistan Navy Engineering College (PNEC) | 03/26/1984 | - | 0.00 | 297 WAK | PNECLIB-005130 | 04/13/2015 | 0.00 | 03/26/1984 | Book | |||||||
| Pakistan Navy Engineering College (PNEC) | Pakistan Navy Engineering College (PNEC) | 03/26/1984 | - | 0.00 | 297 WAK | PNECLIB-005129 | 04/17/2015 | 0.00 | 03/26/1984 | Book | |||||||
| Pakistan Navy Engineering College (PNEC) | Pakistan Navy Engineering College (PNEC) | 03/26/1984 | - / Library / Reference Grant | 0.00 | 297 WAK | PNECLIB-005128 | 06/19/2015 | 0.00 | 03/26/1984 | Book |
